01629cam a2200301 a 4500952017100000999001700171001000900188003000400197005001700201008004100218010001700259020002900276040001800305042000800323050002200331082002300353100002800376245004000404250001300444260005200457300003400509504006400543520058600607650002301193650002201216906004501238942004401283 00102ddc40708PSYCHOLOGYaMESbMEScPSYCHOLOGYd2022-05-24e48g725.00l4m4o305.231 SAN/Cp41463r2024-03-22 13:46:00s2024-02-29v725.00w2022-05-24yBKzGL45R2 c41473d4147316436992OSt20221026111145.0100827r20111982nyua b 001 0 eng  a 2010036055 a9780073532080 (hardback) aDLCcDLCdDLC apcc00aRJ131b.S264 201100a305.231222bSAN/C1 aSantrock, John W.9903510aChild development /cJohn Santrock. a13th ed. aNew York, NY :bMcGraw-Hill Humanities,cc2011. a604 p. :bcol. ill. ;c29 cm. aIncludes bibliographical references (p. 519-572) and index. a"Thorough. Accurate. Reliable. Engaging. These are just a few of the words used by adopters and reviewers of John Santrock's Child Development. A new Connections theme shows how it all fits together in the the most accurate and up-to-date topically-organized text in the field. Used by hundreds of thousands of students over twelve editions, Santrock's proven learning system provides a clear roadmap to content mastery. The fully revised thirteenth edition continues with Santrock's highly contemporary tone and focus, featuring over 1,000 new citations"--cProvided by publisher. 0aChild development. 0aChild psychology. a7bcbccorignewd1eecipf20gy-gencatlg 2ddccBKh305.231iSAN/Ck305.231mSAN/C